LEADER 01371nam a2200277 i 4500 001 000000028323 003 CaOOAMICUS 005 20220407115526.0 008 180830s1802 fr u000 u fre u 040 $aSeMil$bita 100 1 $aMontaigne, Michel : de,$d<1533-1592>.$0(OLS)http://semarc/name/10903 245 10$aEssais de Michel seigneur de Montaigne. Tome 1. [-4.]. 250 $aEdition stereotype, d'après le procédé de Firmin Didot 260 $aA Paris :$bDe l'imprimerie et de la fonderie stéréotype de Pierre Didot l'aîné, et de Firmin Didot,$c1802. 300 $a4 v. ;$c12°. 500 $aA cura di Naigeon, cfr. Avertissement de l'editeur. - Marca (monogramma) tip. sui front. 650 4$aMontaigne, Michel : de <1533-1592> - Opere.$0(OLS)http://semarc/subject/4548 700 1 $aNaigeon, Jacques-André,$d<1738-1810>.$0(OLS)http://semarc/name/12936 700 1 $aDidot, Pierre,$c.$0(OLS)http://semarc/name/11676 774 0 $tTome 1.$g1$w()69502 774 0 $tTome 2.$g2$w()223214 774 0 $tTome 3.$g3$w()223215 774 0 $tTome 4.$g4$w()223216 996 $6245$aEssais de Michel seigneur de Montaigne. Tome 1. [-4.]$9(OLS)http://semarc/title/38436 996 $6260$aA Paris :$bDe l'imprimerie et de la fonderie stéréotype de Pierre Didot l'aîné, et de Firmin Didot$9(OLS)http://semarc/publisher/35012 LEADER 01418nam a2200289 i 4500 001 000000183018 003 CaOOAMICUS 005 20151009000000.0 008 151009s1971 it u000 u ita u 013 $a160980 040 $aSeMil$bita 100 1 $aComitato cattolico docenti universitari.$0(OLS)http://semarc/name/35202 245 10$aAutorità e libertà nel divenire della storia :$batti del Convegno di studio tenutosi a Roma nei giorni 23-25 maggio 1969 /$cComitato cattolico docenti universitari. 260 $aBologna :$bIl Mulino,$ccopyr. 1971. 300 $a535 p. ;$c22 cm. 490 0 $aTemi e discussioni 500 $aFondo card. Giovanni Colombo. 650 4$aAutorità.$0(OLS)http://semarc/subject/9383 650 4$aLibertà - Concezione cattolica.$0(OLS)http://semarc/subject/34598 700 1 $aComitato Cattolico Docenti Universitari : Convegno di studio <1969 ; Roma>.$0(OLS)http://semarc/name/67413 830 0$aTemi e discussioni.$0(OLS)http://semarc/title/6883 850 $aSeMil 852 $aSeMil$W1$xVenegono$y1$m3GC VI 377$j133722$B133722$CSeMilBibl$Z2$F206632 $8B 941 1 $a3 961 $aLascito: Colombo Card. Giovanni 996 $6245$aAutorità e libertà nel divenire della storia :$batti del Convegno di studio tenutosi a Roma nei giorni 23-25 maggio 1969$9(OLS)http://semarc/title/262671 996 $6260$aBologna :$bIl Mulino$9(OLS)http://semarc/publisher/29842